| 000 | 01895nam a2200505 i 4500 | ||
|---|---|---|---|
| 001 | 28039 | ||
| 003 | KOSZ 005 | ||
| 005 | 20221019085713.0 | ||
| 008 | 990506s1983 pl a |001 0 pol | ||
| 015 | _aUWD 1984/2007 | ||
| 020 | _a8301039574 | ||
| 035 | _a991009762979705066 | ||
| 035 | _a(PL-WaBN)b12637245-48omnis_nlop | ||
| 035 | _ab12637245 | ||
| 035 | _a(OCoLC)751519850 | ||
| 035 | _a(PL)b0000001263724 | ||
| 035 | _a(EXLNZ-48OMNIS_NETWORK)9910466039305606 | ||
| 040 |
_aWA N _cWA N _dKR U _dKOSZ 005/HR |
||
| 041 | 0 |
_apol _beng |
|
| 046 | _k1983 | ||
| 080 | _a621.315.6 | ||
| 080 | _a537.5 | ||
| 245 | 0 | 0 |
_aPodstawy wyładowań i wytrzymałość elektryczna w próżni / _cpod red. Czesława Królikowskiego ; [aut. opracowania Jan Dobrogowski et al.]. |
| 260 |
_aWarszawa ; _aPoznań : _bPaństwowe Wydawnictwo Naukowe, _c1983. |
||
| 300 |
_a183, [1] s. : _brys., wykr. err. ; _c24 cm. |
||
| 336 |
_aTekst _btxt _2rdacontent |
||
| 337 |
_aBez urządzenia pośredniczącego _bn _2rdamedia |
||
| 338 |
_aWolumin _bnc _2rdacarrier |
||
| 380 | _aKsiążki | ||
| 388 | _a1901-2000 | ||
| 388 | _a1945-1989 | ||
| 490 | 1 |
_aElektrotechnika i Elektronika / Polska Akademia Nauk, _x0138-0451 [i.e. ISSN 0239-6521] ; _vt. 7 |
|
| 504 | _aBibliogr. s. 173-181.- Indeks.- Sum. | ||
| 650 | 7 |
_aIzolacje elektryczne _2DBN |
|
| 650 | 7 |
_aPróżnia _2DBN |
|
| 650 | 7 |
_aWyładowania elektryczne _2DBN |
|
| 658 | _aInżynieria i technika | ||
| 700 | 1 |
_aDobrogowski, Jan _d(1934- ) _eAutor |
|
| 700 | 1 |
_aKrólikowski, Czesław _d(1926- ) _eRedakcja |
|
| 710 | 2 | _aPaństwowe Wydawnictwo Naukowe | |
| 830 | 0 |
_aElektrotechnika i Elektronika (Polska Akademia Nauk) _vt. 7 |
|
| 856 |
_uhttp://koha.tu.koszalin.pl/cgi-bin/koha/opac-detail.pl?biblionumber=28039 _yKatalog online BPK |
||
| 942 |
_2UKD _cKS |
||
| 999 |
_c28039 _d28039 |
||